Normal view
MARC view
- Poniachik, Jaime,
Entry Nombre Personal
001 - NUMERO DE CONTROL
- campo de control: 37677
003 - IDENTIFICADOR DE NUMERO DE CONTROL
- campo de control: UPN
005 - FECHA Y HORA DE LA ÜLTIMA TRANSACCIÓN
- campo de control: 20210219194527.0
008 - DATOS DE LONGITUD FIJA
- campo de control de longitud fija: nabaccnnaabn|||||||||| b |nc|||||d
035 ## - NUMERO DE CONTROL
- Número de control: UPN11000009784
040 ## - FUENTE DE CATALOGACIÓN
- Lenguaje de catalogación: SPA
- Agencia de transcripción: UPN
100 1# - ENCABEZAMIENTO - NOMBRE PERSONAL
- Nombre personal: Poniachik, Jaime,
- Fechas asociadas con el nombre: 1943-2011
670 ## - FUENTE EN LA QUE SE LOCALIZARON DATOS
- Cita de la fuente: T
- Información localizada: Wikipedia
680 ## - NOTA PUBLICA DE ACCESO PÚBLICO
- Encabezamiento o subdivisión: Matemático y editor uruguayo creador de juegos de ingenio, acertijos lógicos, de matemática y de palabras
902 ## - CATALOGADOR
- Catalogador: CAA/170915
